| 000 | 00341nam a2200133Ia 4500 | ||
|---|---|---|---|
| 008 | 230917s9999||||xx |||||||||||||| ||und|| | ||
| 040 |
_e72388 _aMAIN |
||
| 041 | _aEnglish | ||
| 082 | _a658.42 E19E | ||
| 100 | _aRoss, Joel E, ed. | ||
| 245 | 0 | _aEncyclopaedia of total quality management | |
| 260 |
_aFlorida _bSt Lucie _c1996 |
||
| 942 | _cBK | ||
| 999 |
_c102044 _d102044 |
||